| 000 | 01822nam0a2200385 4500 | ||
|---|---|---|---|
| 001 | RU\NLR\bibl\380689 | ||
| 005 | 20260409073502.0 | ||
| 021 |
_aRU _b2003-3344 _9153 |
||
| 035 | _a(NLR Aleph) 000375099 | ||
| 090 |
_a420045 _c420045 |
||
| 100 | _a20030304d2002 |||y0rusy50 ca | ||
| 101 | 0 | _arus | |
| 102 | _aRU | ||
| 105 | _aa ||||||||| | ||
| 200 | 1 |
_aДошкольник изучает математику. Как и где? _f[Г.В. Глушкова, Т.И. Ерофеева, С.И. Мусиенко и др. _gСост. и общ. ред. Т.И. Ерофеевой] |
|
| 210 |
_aМ. _cВоспитание дошкольника _d2002 |
||
| 215 |
_a127 с. _cцв. ил. _d20 |
||
| 225 | 1 | _aБиблиотека журнала "Дошкольное воспитание" | |
| 606 |
_8rus _aДошкольники _xОбучение математике _7ca _3RU\NLR\auth\661265024 _92089866 |
||
| 610 | 0 | _aМатематика для дошкольников | |
| 610 | 0 | _aДети дошкольного возраста - Методика обучения | |
| 675 |
_a373.2.016:51 _v3 _zrus |
||
| 686 |
_a14.23 _2rugasnti |
||
| 686 |
_a74.102 _2rubbk |
||
| 686 | _aЧ411.383 | ||
| 701 | 1 |
_aГлушкова _bГ. В. _4070 |
|
| 701 | 1 |
_4070 _8rus _7ca _aЕрофеева _bТ. И. _cканд. пед. наук, дошкольное образование _gТамара Ивановна _3RU\NLR\AUTH\7768061 _950989 |
|
| 701 | 1 |
_aМусиенко _bС. И. _4070 |
|
| 702 | 1 |
_4220 _8rus _7ca _aЕрофеева _bТ. И. _cканд. пед. наук, дошкольное образование _gТамара Ивановна _3RU\NLR\AUTH\7768061 _950989 |
|
| 801 | 0 |
_aRU _bRKP _c20030304 _gPSBO |
|
| 801 | 1 |
_aRU _bRKP _c20030304 |
|
| 801 | 2 |
_aRU _bNLR _c20080906 _grcr |
|
| 942 | _cBOOK | ||
| 980 | _aNB | ||